| 000 | 00487nmm a2200169Ia 4500 | ||
|---|---|---|---|
| 008 | 251105s9999||||xx |||||||||||||||||und|| | ||
| 020 | _a9788498160215 | ||
| 041 | _aspa | ||
| 100 | _aCervantes Saavedra, Miguel de | ||
| 245 | 0 | _aDon Quijote de la Mancha. Visión del Islam | |
| 264 |
_a[Madrid, España] : _bLinkgua, _c2011 |
||
| 300 | _a98 páginas | ||
| 490 | _aNarrativa | ||
| 650 | _aSpanish narrative | ||
| 856 | _uhttps://public.digitaliapublishing.com/a/14992 | ||
| 942 | _cCF | ||
| 999 |
_c90785 _d90785 |
||